Bears Yearly Receiving Yard Leaders - Statistics

General Stats
  • This quiz has been taken 5 times
    4 since last reset
  • The average score is 21 of 93
Answer Stats
Year Yards Player % Correct
2012 1,508 Brandon Marshall
100%
2023 1,364 D.J. Moore
100%
2024 966 D.J. Moore
100%
2020 1,250 Allen Robinson
67%
2019 1,147 Allen Robinson
67%
2018 754 Allen Robinson
67%
2013 1,421 Alshon Jeffery
67%
2014 1,133 Alshon Jeffery
67%
2015 807 Alshon Jeffery
67%
1938 253 Bill Karr
67%
2021 1,055 Darnell Mooney
67%
2009 757 Devin Hester
67%
2008 665 Devin Hester
67%
1999 1,400 Marcus Robinson
67%
2000 738 Marcus Robinson
67%
2007 951 Bernard Berrian
33%
1974 683 Charlie Wade
33%
2022 544 Cole Kmet
33%
1996 1,049 Curtis Conway
33%
1988 704 Dennis McKinnon
33%
1973 343 Earl Thomas
33%
1956 1,128 Harlon Hill
33%
1954 1,124 Harlon Hill
33%
1955 789 Harlon Hill
33%
1995 1,301 Jeff Graham
33%
1994 944 Jeff Graham
33%
1966 504 Jim Jones
33%
2010 960 Johnny Knox
33%
2011 727 Johnny Knox
33%
1964 1,200 Johnny Morris
33%
1965 846 Johnny Morris
33%
2002 1,189 Marty Booker
33%
2001 1,071 Marty Booker
33%
2003 715 Marty Booker
33%
1961 1,076 Mike Ditka
33%
1962 904 Mike Ditka
33%
1963 794 Mike Ditka
33%
2006 863 Muhsin Muhammad
33%
2005 750 Muhsin Muhammad
33%
1989 486 Ron Morris
33%
1983 836 Willie Gault
33%
1986 818 Willie Gault
33%
1987 705 Willie Gault
33%
1985 704 Willie Gault
33%
1984 587 Willie Gault
33%
1934 174 Beattie Feathers
0%
1933 273 Bill Hewitt
0%
1958 517 Bill McColl
0%
1998 987 Bobby Engram
0%
1969 553 Bob Wallace
0%
1975 685 Bo Rather
0%
1979 452 Brian Baschnagel
0%
2016 888 Cameron Meredith
0%
2004 699 David Terrell
0%
1970 1,026 Dick Gordon
0%
1967 534 Dick Gordon
0%
1968 477 Dick Gordon
0%
1939 403 Dick Plasman
0%
1937 225 Eggs Manske
0%
1982 363 Emery Morehead
0%
1952 660 Gene Schroeder
0%
1946 660 Gene Schroeder
0%
1951 461 Gene Schroeder
0%
1971 737 George Farmer
0%
1972 380 George Farmer
0%
1943 535 Harry Clarke
0%
1977 809 James Scott
0%
1978 759 James Scott
0%
1980 696 James Scott
0%
1976 512 James Scott
0%
1953 841 Jim Dooley
0%
1959 580 Jim Dooley
0%
1957 530 Jim Dooley
0%
1947 910 Jim Keane
0%
1950 433 Jim Keane
0%
1949 414 Jim Keane
0%
1948 414 Jim Keane
0%
2017 614 Kendall Wright
0%
1936 543 Ken Kavanaugh
0%
1941 314 Ken Kavanaugh
0%
1940 276 Ken Kavanaugh
0%
1981 584 Ken Margerum
0%
1932 321 Luke Johnsos
0%
1935 298 Luke Johnsos
0%
1942 571 Ray McLean
0%
1944 414 Ray McLean
0%
1945 348 Ray McLean
0%
1997 753 Ricky Proehl
0%
1993 552 Tom Waddle
0%
1992 734 Wendell Davis
0%
1990 572 Wendell Davis
0%
1991 945 Wendell Scott
0%
1960 804 Willard Dewveall
0%
No matching quizzes found
Score Distribution
Percent of People with Each Score
Percentile by Number Answered
Your Score History
You have not taken this quiz since the last reset